| 000 | 00774nab a2200181 4500 | ||
|---|---|---|---|
| 001 | 244442 | ||
| 003 | OSt | ||
| 005 | 20230531114621.0 | ||
| 007 | tu | ||
| 008 | 200917s2020||||||| | ||
| 040 |
_aDE-2950 _cDE-2950 |
||
| 245 | 0 | 0 |
_aWas macht ein Totengräber und Friedhofsgärtner? _bRuhestätte. Tony Sterzer aus Frankfurt (Oder) hat als Totengräber gearbeitet, jetzt gestaltet und pflegt er Gräber. Wie Menschen reagieren, wenn sie von seinem Job erfahren, wie dieser mit Kunst zusammenpasst und was das mit dem Fischsterben in der Oder zu tun hat / _cLisa Mahlke |
| 264 | _c2023 | ||
| 653 | _aFrankfurt (Oder) | ||
| 653 | _aSterzer, Tony; Friedhofsgärtner | ||
| 773 | 0 |
_g34. Jahrgang (2023) Nr. 118 vom 23.05.2023, S. 15: mit Foto _tMärkische Oderzeitung |
|
| 942 |
_2z _cA |
||
| 999 |
_c372482 _d372482 |
||